| 000 | 01002cam a22002895a 4500 | ||
|---|---|---|---|
| 001 | 15279874 | ||
| 003 | ARRUPE | ||
| 005 | 20160810102642.0 | ||
| 008 | 080429s2007 ke b 001 0 eng | ||
| 010 | _a 2008349393 | ||
| 020 | _a996683639X | ||
| 040 |
_aDLC _cDLC _dDLC |
||
| 042 | _alcode | ||
| 050 | 0 | 0 |
_aHC800 _b.B362 2007 |
| 100 | 1 |
_aBanzikiza, Constance R. _924681 |
|
| 245 | 1 | 0 |
_aResponding to poverty in Africa / _cConstance Bansikiza. |
| 260 |
_aEldoret, Kenya : _bAMECEA Gaba Publications, _c2007. |
||
| 300 |
_a152 p. ; _c21 cm. |
||
| 490 | 0 |
_aTriple spearhead ; _vnos 183-185 |
|
| 504 | _aIncludes bibliographical references (p. [145]-149) and index. | ||
| 650 |
_aAfrica _xEconomic conditions _924655 |
||
| 650 |
_aAfrica _vEconomic policy _924682 |
||
| 856 | 4 | 1 |
_3Table of contents only _uhttp://www.loc.gov/catdir/toc/fy0805/2008349393.html |
| 906 |
_a7 _bcbc _corigode _d3 _encip _f20 _gy-gencatlg |
||
| 942 |
_2lcc _cMONOGRAPH |
||
| 999 |
_c124878 _d124878 |
||